Catálogo
Digital

Catálogo
Digital

Fundamentaciones teóricas de gestión sostenible para destinos turísticos de base comunitaria, reflexiones desde la óptica de Chimborazo, Ecuador (Record no. 14381)

MARC details
000 -CABECERA
campo de control de longitud fija 01488nam a2200325 4500
003 - IDENTIFICADOR DEL NÚMERO DE CONTROL
campo de control EC-UNACH
005 - FECHA Y HORA DE LA ÚLTIMA TRANSACCIÓN
campo de control 20260311150950.0
006 - CÓDIGOS DE INFORMACIÓN DE LONGITUD FIJA--CARACTERÍSTICAS DEL MATERIAL ADICIONAL
campo de control de longitud fija s||||gr|||| 00| 00
008 - DATOS DE LONGITUD FIJA--INFORMACIÓN GENERAL
campo de control de longitud fija 150116t9999 mx r gr 000 0 spa d
020 ## - NÚMERO INTERNACIONAL ESTÁNDAR DEL LIBRO
Número Internacional Estándar del Libro 978-9942-661-83-8
040 ## - FUENTE DE LA CATALOGACIÓN
Centro catalogador/agencia de origen EC-UNACH
Centro/agencia transcriptor EC-UNACH
041 ## - CÓDIGO DE LENGUA
Código de lengua del texto/banda sonora o título independiente spa
082 04 - NÚMERO DE LA CLASIFICACIÓN DECIMAL DEWEY
Número de edición 23
Número de clasificación 697.47
Número de documento/Ítem L018609
100 ## - ENTRADA PRINCIPAL--NOMBRE DE PERSONA
Nombre de persona Guerrero Vaca, Daniel Marcelo / Rodríguez Minor, Rebeca
245 ## - MENCIÓN DE TÍTULO
Título Fundamentaciones teóricas de gestión sostenible para destinos turísticos de base comunitaria, reflexiones desde la óptica de Chimborazo, Ecuador
250 ## - MENCIÓN DE EDICIÓN
Mención de edición Primera edición
264 ## - Producción, publicación, distribución, fabricación y copyright
Lugar de producción, publicación, distribución, fabricación Riobamba - Ecuador
Nombre del de productor, editor, distribuidor, fabricante Editorial UNACH
Fecha de de producción, publicación, distribución, fabricación o copyright 2025
300 ## - DESCRIPCIÓN FÍSICA
Extensión 142 páginas
Otras características físicas Tablas, figuras
501 ## - NOTA DE "CON"
Nota de “Con” Incluye índice general
505 ## - NOTA DE CONTENIDO CON FORMATO
Nota de contenido con formato Capítulo I. El turismo. Bases teóricas epistemológicas y enfoques de un fenómeno social orientado a las comunidades indígenas -- Capítulo II. La gestión turística. Criterios relevantes de manejo para un desarrollo sostenible -- Capítulo III. Casos de modelos de gestión en áreas comunitarias, naturales, rurales y urbanas de contexto global -- Capítulo VI. Visión ecuatoriana del turismo comunitario
650 ## - PUNTO DE ACCESO ADICIONAL DE MATERIA--TÉRMINO DE MATERIA
Término de materia o nombre geográfico como elemento inicial TURISMO COMUNITARIO
650 ## - PUNTO DE ACCESO ADICIONAL DE MATERIA--TÉRMINO DE MATERIA
Término de materia o nombre geográfico como elemento inicial IDENTIDAD CULTURAL
650 ## - PUNTO DE ACCESO ADICIONAL DE MATERIA--TÉRMINO DE MATERIA
Término de materia o nombre geográfico como elemento inicial LA GESTIÓN TURÍSTICA
650 ## - PUNTO DE ACCESO ADICIONAL DE MATERIA--TÉRMINO DE MATERIA
Término de materia o nombre geográfico como elemento inicial COMPETITIVIDAD TURÍSTICA
942 ## - ELEMENTOS DE PUNTO DE ACCESO ADICIONAL (KOHA)
Fuente del sistema de clasificación o colocación Clasificación Decimal Dewey
Tipo de ítem Koha Libros
999 ## - NÚMEROS DE CONTROL DE SISTEMA (KOHA)
Koha biblionumber 14381
Holdings
Estado de pérdida Fuente del sistema de clasificación o colocación Estado dañado No para préstamo Localización permanente Ubicación/localización actual Ubicación en estantería Fecha de adquisición Fuente de adquisición Total de préstamos Signatura topográfica completa Código de barras Número de copia Tipo de ítem Koha Centro de costos
  Clasificación Decimal Dewey     Biblioteca Campus Norte Biblioteca Campus Norte Turismo 11/03/2026 Libro Digital / Producción UNACH   647.94 GUE L018609 L018609 Ejemplar: 01 Libro electrónico  

Powered by Koha